Enseñanza del Derecho y Sociedad en Latinoamérica
Furkejuvvon:
| Materiálatiipa: | Girji |
|---|---|
| Giella: | espánnjágiella |
| Almmustuhtton: |
Ciudad de México
Unión de Universidades de América Latina
1975
|
| Fáttát: | |
| Fáddágilkorat: |
Lasit fáddágilkoriid
Eai fáddágilkorat, Lasit vuosttaš fáddágilkora!
|
MARC
| LEADER | 00000nam a2200000 a 4500 | ||
|---|---|---|---|
| 001 | UCS2667 | ||
| 003 | CL-VaPUC | ||
| 005 | 20211228114524.0 | ||
| 008 | 970604e19750000mx 1 spa d | ||
| 082 | 0 | 4 | |a 340.07 |b ENS |2 21 |
| 245 | 1 | 0 | |a Enseñanza del Derecho y Sociedad en Latinoamérica |
| 260 | |a Ciudad de México |b Unión de Universidades de América Latina |c 1975 | ||
| 300 | |a 319 p | ||
| 583 | |a last modification |c 19970604 00:00:00 |k Rodrigo Vera | ||
| 650 | 0 | 7 | |a DERECHO |2 CL-VaPUC |9 618445 |
| 650 | 0 | 0 | |a Pedagogía jurídica |9 380883 |
| 650 | 0 | 0 | |a Universidades |9 256317 |
| 650 | 0 | 0 | |a Escuelas de derecho |9 257536 |
| 651 | 0 | |a América Latina |9 255027 | |
| 942 | |c BK | ||
| 945 | |a paguirre |d 19970604 00:00:00 | ||
| 546 | |a En Español | ||
| 518 | |p Conferencia de Facultades y Escuelas de Derecho de América Latina, 5, Córdoba, 27 de Octubre al 1 de Noviembre de 1974 | ||
| 999 | |c 382954 |d 382952 | ||
| 952 | |0 0 |1 0 |4 0 |6 340_070000000000000_ENS_1975 |7 0 |8 A |9 504912 |a BIBDER |b BIBDER |d 2020-01-23 |i 1864017 |o 340.07 ENS 1975 |p 1864017 |r 2023-01-25 |w 2020-01-23 |y BK |k DER | ||